Statistics for Every USA President

Click here to take the quiz!

General Stats

  • This quiz has been taken 172 times
  • The average score is 33 of 46

Answer Stats

HintAnswer% Correct
1789-1797George Washington
97%
2009-2017Barack Obama
96%
2017-2021Donald Trump
96%
2021-Joe Biden
94%
1989-1993George H. W. Bush
93%
2001-2009George W. Bush
93%
1993-2001Bill Clinton
91%
1933-1945Franklin D. Roosevelt
91%
1825-1829John Quincy Adams
90%
1981-1989Ronald Reagan
90%
1797-1801John Adams
89%
1901-1909Theodore Roosevelt
89%
1961-1963John F. Kennedy
88%
1861-1865Abraham Lincoln
87%
1969-1974Richard Nixon
85%
1801-1809Thomas Jefferson
82%
1977-1981Jimmy Carter
81%
1963-1969Lyndon B. Johnson
79%
1865-1869Andrew Johnson
78%
1974-1977Gerald Ford
77%
1945-1953Harry S. Truman
77%
1929-1933Herbert Hoover
73%
1829-1837Andrew Jackson
71%
1913-1921Woodrow Wilson
68%
1953-1961Dwight D. Eisenhower
66%
1869-1877Ulysses S. Grant
66%
1809-1817James Madison
65%
1817-1825James Monroe
64%
1909-1913William Howard Taft
63%
1889-1893Benjamin Harrison
60%
1841William Henry Harrison
60%
1923-1929Calvin Coolidge
58%
1881James A. Garfield
58%
1845-1849James K Polk
57%
1837-1841Martin Van Buren
57%
1849-1850Zachary Taylor
57%
1921-1923Warren G. Harding
56%
1893-1897Grover Cleveland
55%
1885-1889Grover Cleveland
55%
1841-1845John Tyler
55%
1897-1901William McKinley
54%
1850-1853Millard Fillmore
50%
1853-1857Franklin Pierce
49%
1857-1861James Buchanan
49%
1881-1885Chester A. Arthur
48%
1877-1881Rutherford B. Hayes
47%

Score Distribution

Percentile by Number Answered

Percent of People with Each Score

Your Score History

You have not taken this quiz